Cristino Martos Balbí (Record no. 175984)

MARC details
000 -LEADER
campo de control de longitud fija 00940nam a22002295i 4500
001 - NÚMERO DE CONTROL
campo de control 175984
003 - IDENTIFICADOR DE NÚMERO DE CONTROL
campo de control ES-MaACL
005 - FECHA Y HORA DE LA ÚLTIMA TRANSACCIÓN
campo de control 20231226161528.0
008 - DATOS DE LONGITUD FIJA--INFORMACIÓN GENERAL
campo de control de longitud fija 101203s2009 sp a |||| | spa d
080 ## - NÚMERO DE LA CLASIFICACIÓN DECIMAL UNIVERSAL
Número de la Clasificación Decimal Universal 929 Martos, Cristino
100 1# - ENTRADA PRINCIPAL--NOMBRE DE PERSONA
Nombre de persona Sánchez-Palencia Mancebo, Isabel.
9 (RLIN) 144185
245 10 - MENCIÓN DEL TÍTULO
Título Cristino Martos Balbí
Resto del título : Ministro de España : sus raíces toledanas /
Mención de responsabilidad, etc. [Isabel Sánchez-Palencia Mancebo].
260 ## - PUBLICACIÓN, DISTRIBUCIÓN, ETC.
Lugar de publicación, distribución, etc. Mazarambroz (Toledo) :
Nombre del editor, distribuidor, etc. Ayuntamiento de Mazarambroz,
Fecha de publicación, distribución, etc. D. L. 2009.
300 ## - DESCRIPCIÓN FÍSICA
Extensión 38 p. (algunas pleg.) :
Otras características físicas il. bl. y n. ;
Dimensiones 21 cm.
490 1# - MENCIÓN DE SERIE
Mención de serie Ayuntamiento de Mazarambroz ;
Designación de volumen o secuencia 1
504 ## - NOTA DE BIBLIOGRAFÍA, ETC.
Nota de bibliografía, etc. Bbibliografía: p. 38.
600 17 - PUNTO DE ACCESO ADICIONAL DE MATERIA--NOMBRE DE PERSONA
Nombre de persona Martos, Cristino,
Fechas asociadas al nombre 1830-1893
Fuente del encabezamiento o término embne
9 (RLIN) 78547
710 1# - ENTRADA AGREGADA--NOMBRE DE ENTIDAD CORPORATIVA
Nombre de entidad corporativa o nombre de jurisdicción como elemento de entrada Mazarambroz (Toledo).
Unidad subordinada Ayuntamiento.
9 (RLIN) 144187
830 0# - PUNTO DE ACCESO ADICIONAL DE SERIE-TÍTULO UNIFORME
Título uniforme Ayuntamiento de Mazarambroz ;
Designación de volumen o secuencia 1
9 (RLIN) 189884
852 ## - LOCALIZACIÓN
Ubicación ES-MaACL
Número de control de estantería 2272-F-6
Nota libre .- Dedicatoria autógrafa de la autora
Holdings
Estatus retirado Estado de pérdida Estado de daño No para préstamo Colección Biblioteca de origen Biblioteca actual Ubicación en estantería Fecha de adquisición Fuente de adquisición Total de préstamos Signatura topográfica completa Código de barras Visto por última vez Precio de reemplazo Tipo de ítem Koha
        Colección de folletos Biblioteca del Ateneo de Madrid Biblioteca del Ateneo de Madrid Depósito folletos 03/12/2010     2272-F-6 1184811 23/02/2023 23/02/2023 Folleto